[Event "AUTO-OPEN-1838"]
[Site "http://www.queenalice.com/game.php?id=714261"]
[Date "2010.1.15"]
[Round "1"]
[White "AndThenThereWasH"]
[Black "Fhassuo"]
[Result "1-0"]
[WhiteElo "1705"]
[BlackElo "1541"]

1. Nf3 d5 2. d4 Nc6 3. c4 dxc4 4. Nc3 e6 5. e3 e5 6. Bxc4 exd4 7. exd4 Qe7+ 8.
Be3 Nf6 9. h3 Ne4 10. Nxe4 Qxe4 11. Bxf7+ Kxf7 12. Ng5+ Kg8 13. Nxe4 Bb4+ 14.
Nc3 Bf5 15. O-O Rd8 16. Qb3+ Kf8 17. a3 Bxc3 18. bxc3 b6 19. Qb5 Be4 20. f3 Bd5
21. c4 a6 22. Qa4 b5 23. cxb5 axb5 24. Qxb5 Ne7 25. Bg5 h6 26. Bxe7+ Kxe7 27.
Rfe1+ Kf6 28. a4 c6 29. Qc5 Rd7 30. a5 g5 31. a6 Ra8 32. a7 h5 33. Reb1 Kf5 34.
Rb8 Rdxa7 35. Rxa8 Rxa8 36. Rxa8 g4 37. Ra5 gxf3 38. Qxc6 fxg2 39. Qxd5+ Kf4 40.
Ra3 h4 41. Rf3# 1-0

[Event "JUROS DE MORA VII"]
[Site "http://www.queenalice.com/game.php?id=715323"]
[Date "2010.1.17"]
[Round "-"]
[White "perucona"]
[Black "AndThenThereWasH"]
[Result "0-1"]
[WhiteElo "1567"]
[BlackElo "1756"]

1. e4 c5 2. d4 cxd4 3. Qxd4 Nc6 4. Qd5 Nf6 5. Qd3 g6 6. Qe2 d6 7. Nf3 Bg7 8. Nc3
Bg4 9. h3 Nd4 10. hxg4 Nxe2 11. Bxe2 Nxg4 12. Nd2 Ne5 13. Nf3 Rc8 14. Nxe5 Bxe5
15. Bb5+ Kf8 16. O-O h5 17. Bh6+ Rxh6 18. g3 Qb6 19. Rae1 Bxc3 20. bxc3 Qxb5 21.
Rb1 Qa6 22. Rfd1 b6 23. Rb2 Rxc3 24. Rd3 Rc5 25. f3 h4 26. g4 h3 27. Kh2 Rxc2+
28. Rd2 Rc3 29. g5 Rh5 30. f4 Rc1 31. Rdc2 Re1 32. Rb4 Qf1 33. Rc8+ Kg7 34. e5
Qg2# 0-1

[Event "EMBRAER EMB-110 BANDEIRANTE IX"]
[Site "http://www.queenalice.com/game.php?id=715341"]
[Date "2010.1.17"]
[Round "-"]
[White "rogeriooliveira"]
[Black "AndThenThereWasH"]
[Result "0-1"]
[WhiteElo "1237"]
[BlackElo "1671"]

1. e4 e5 2. d4 exd4 3. Qxd4 Nc6 4. Qd5 Nf6 5. Qd3 Be7 6. Qe2 d6 7. Nf3 Bg4 8.
Nc3 Nd4 9. h3 Nxe2 10. Bxe2 Bd7 11. Bb5 Bxb5 12. Nxb5 O-O 13. Bg5 Nxe4 14. Be3
c6 15. Nc3 Nxc3 16. bxc3 Bf6 17. Bd2 Re8+ 18. Kd1 Qb6 19. Re1 Qxf2 20. Kc1 Qxg2
21. Nd4 Qxh3 22. Rxe8+ Rxe8 23. Kb2 g5 24. Kb3 g4 25. Rg1 Bxd4 26. Kc4 Bxg1 27.
Kb3 Re2 28. Bg5 b5 29. a3 Qf1 30. a4 Qb1+ 31. Ka3 Bc5# 0-1

[Event "Challenge"]
[Site "http://www.queenalice.com/game.php?id=720277"]
[Date "2010.1.25"]
[Round "-"]
[White "AndThenThereWasH"]
[Black "Wettkampf"]
[Result "1-0"]
[WhiteElo "1500"]
[BlackElo "1487"]

1. d4 d5 2. c4 Nf6 3. cxd5 Qxd5 4. Nc3 Qa5 5. Nf3 Ne4 6. Bd2 Nxd2 7. Qxd2 e5 8.
Nxe5 Bb4 9. e3 O-O 10. Be2 Be6 11. a3 Bxc3 12. Qxc3 Qxc3+ 13. bxc3 Nd7 14. Nxd7
Bxd7 15. Bf3 c6 16. Rb1 b5 17. O-O a5 18. Rfc1 a4 19. Rb4 f5 20. c4 g5 21. cxb5
cxb5 22. Bxa8 Rxa8 23. Rc5 h5 24. g3 g4 25. Rd5 Bc6 26. Rxf5 Rc8 27. Rxh5 Bf3
28. Rc5 Rb8 29. Rbxb5 Rd8 30. Rb4 Ra8 31. Rcb5 Rc8 32. Rb8 Rxb8 33. Rxb8+ Kf7
34. Rb4 Bc6 35. Kf1 Ke6 36. Ke2 Kd5 37. Kd3 Kd6 38. e4 Ke6 39. d5+ Bxd5 40.
exd5+ Kxd5 41. Rxa4 Kc5 42. Rxg4 Kb5 43. h4 Kc5 44. Rg5+ Kd6 45. a4 Kc6 46. Rg6+
Kc5 47. a5 Kb5 48. h5 Kxa5 49. Kc4 Ka4 50. Ra6# 1-0

[Event "leking"]
[Site "http://www.queenalice.com/game.php?id=738210"]
[Date "2010.2.26"]
[Round "-"]
[White "leking"]
[Black "AndThenThereWasH"]
[Result "1-0"]
[WhiteElo "1765"]
[BlackElo "1805"]

1. e4 c5 2. Nf3 d6 3. d4 cxd4 4. Nxd4 g6 5. Nc3 Bg7 6. Be2 Nc6 7. Be3 Bd7 8. O-O
Nf6 9. h3 O-O 10. a3 Rc8 11. Qd2 a6 12. Nxc6 Bxc6 13. Bf3 Nd7 14. Rab1 f5 15.
Nd5 e6 16. Bg5 Nf6 17. Bxf6 Bxf6 18. Nxf6+ Rxf6 19. Rfe1 e5 20. Rbd1 Qf8 21. Re2
1-0

[Event "Challenge"]
[Site "http://www.queenalice.com/game.php?id=739142"]
[Date "2010.2.28"]
[Round "-"]
[White "thiagobrumchess"]
[Black "AndThenThereWasH"]
[Result "1-0"]
[WhiteElo "1668"]
[BlackElo "1704"]

1. e4 c5 2. Nf3 g6 3. Bc4 Nc6 4. Ng5 Ne5 5. Qf3 e6 6. d4 Nxf3+ 7. Nxf3 cxd4 8.
e5 d5 9. Bb5+ Bd7 10. Bg5 Qa5+ 11. Nbd2 Bxb5 12. O-O-O d3 13. a3 Bxa3 14. Nb3
Qa6 15. Kd2 dxc2 16. Rc1 Bb4+ 17. Ke3 h6 18. Bh4 Rc8 19. Nfd4 Qb6 20. f3 Ne7 21.
Bf6 Nf5+ 22. Kf2 Nxd4 23. Nxd4 Qxd4+ 24. Kg3 g5 25. Bxh8 Bf1 26. Rhxf1 1-0

[Event "Challenge"]
[Site "http://www.queenalice.com/game.php?id=744346"]
[Date "2010.3.10"]
[Round "-"]
[White "AndThenThereWasH"]
[Black "leoreis"]
[Result "1/2-1/2"]
[WhiteElo "1671"]
[BlackElo "1773"]

1. e4 e5 2. f4 Bc5 3. Nf3 d6 4. Nc3 Nc6 5. Bb5 Bd7 6. Bxc6 Bxc6 7. fxe5 dxe5 8.
Nxe5 Qf6 9. d4 O-O-O 10. Nxc6 Qxc6 11. Be3 Qg6 12. O-O Nf6 13. e5 Ng4 14. Qf3
Nxe3 15. dxc5 Nxf1 16. Rxf1 c6 17. Ne4 Kb8 18. Nd6 Rhf8 19. Qb3 Rd7 20. e6 Re7
21. exf7 Qe6 22. Qb4 Qe3+ 23. Kh1 Rfxf7 24. Nxf7 Rxf7 25. Re1 Qe7 26. h3 Qf8 27.
Kh2 Rf5 28. Qa3 Rxc5 29. Re4 Qd6+ 30. Kg1 Qd1+ 31. Kh2 Qd6+ 32. Kg1 Qf8 33. Qe3
Qd6 34. Rd4 Rd5 35. Qe8+ Kc7 36. Qf7+ Qd7 37. Qf4+ Qd6 38. Qf7+ Qd7 39. Qf4+ Qd6
40. Qf7+ Qd7 1/2-1/2

[Event "Challenge"]
[Site "http://www.queenalice.com/game.php?id=752896"]
[Date "2010.3.28"]
[Round "-"]
[White "massimo"]
[Black "AndThenThereWasH"]
[Result "1-0"]
[WhiteElo "1757"]
[BlackElo "1736"]

1. e4 c6 2. Nf3 d5 3. e5 Bg4 4. h3 Bh5 5. Be2 e6 6. d4 Ne7 7. Bg5 Qb6 8. b3 Nd7
9. O-O h6 10. Be3 Nf5 11. g4 1-0

[Event "AUTO-INT-1668"]
[Site "http://www.queenalice.com/game.php?id=758594"]
[Date "2010.4.9"]
[Round "1"]
[White "AndThenThereWasH"]
[Black "revival"]
[Result "1-0"]
[WhiteElo "1744"]
[BlackElo "1375"]

1. e4 c6 2. d4 d5 3. Nd2 dxe4 4. Nxe4 Bf5 5. Ng3 Bg6 6. Nf3 Nd7 7. c3 e6 8. Bc4
Bd6 9. Bg5 Be7 10. Bf4 Ngf6 11. O-O h6 12. Qb3 Qb6 13. Rfe1 Nd5 14. Bd2 Qxb3 15.
Bxb3 O-O-O 16. a4 Bd6 17. Ne4 Bc7 18. Bc4 N7f6 19. Nc5 Bf5 20. b4 1-0

[Event "AUTO-INT-1668"]
[Site "http://www.queenalice.com/game.php?id=758595"]
[Date "2010.4.9"]
[Round "1"]
[White "revival"]
[Black "AndThenThereWasH"]
[Result "0-1"]
[WhiteElo "1912"]
[BlackElo "1678"]

1. e4 c5 2. b3 Nf6 3. Nc3 Nc6 4. Bc4 d6 5. h3 g6 6. Bb2 Bg7 7. d3 O-O 8. f4 a6
9. a4 Nh5 10. Qf3 Nd4 11. Qf2 Nxf4 12. Qxf4 Nxc2+ 13. Kd2 Nxa1 14. Bxa1 b5 15.
Bd5 Rb8 16. Bc6 b4 0-1